Keajaiban akidah (Record no. 982)

000 -LEADER
fixed length control field nam a22 a 4500
005 - DATE AND TIME OF LATEST TRANSACTION
control field 20170508102150.0
008 - FIXED-LENGTH DATA ELEMENTS--GENERAL INFORMATION
fixed length control field 170508s1996 my ||||| |||| 00| 0 m d
020 ## - INTERNATIONAL STANDARD BOOK NUMBER
International Standard Book Number 9256335 (kkt.)
Terms of availability RM 11.00
040 ## - CATALOGING SOURCE
Original cataloging agency AKMAL
082 ## - DEWEY DECIMAL CLASSIFICATION NUMBER
Classification number 297.2 NAI
090 ## - LOCALLY ASSIGNED LC-TYPE CALL NUMBER (OCLC); LOCAL CALL NUMBER (RLIN)
Classification number (OCLC) (R) ; Classification number, CALL (RLIN) (NR) 297.2
Local cutter number (OCLC) ; Book number/undivided call number, CALL (RLIN) NAI
245 ## - TITLE STATEMENT
Title Keajaiban akidah
Remainder of title penerang jalan kecemerlangan insan mukmin /
Statement of responsibility, etc. [penyusun] Saiyyid Na'imullah
260 ## - PUBLICATION, DISTRIBUTION, ETC.
Place of publication, distribution, etc. Kuala Lumpur
Name of publisher, distributor, etc. Penerbit Era Ilmu
Date of publication, distribution, etc. 1996
300 ## - PHYSICAL DESCRIPTION
Extent v, 271ms.
Dimensions 22cm
500 ## - GENERAL NOTE
General note Mengandungi ayat-ayat dari al-Quran
650 ## - SUBJECT ADDED ENTRY--TOPICAL TERM
Topical term or geographic name entry element Islam
General subdivision Doctrines
9 (RLIN) 894
650 ## - SUBJECT ADDED ENTRY--TOPICAL TERM
Topical term or geographic name entry element God (Islam)
9 (RLIN) 1697
700 ## - ADDED ENTRY--PERSONAL NAME
Personal name Na'imullah
9 (RLIN) 2074
942 ## - ADDED ENTRY ELEMENTS (KOHA)
Source of classification or shelving scheme
Koha item type Book
Holdings
Withdrawn status Lost status Source of classification or shelving scheme Damaged status Not for loan Collection code Home library Current library Shelving location Date acquired Inventory number Total Checkouts Full call number Barcode Date last seen Price effective from Koha item type
          NON-FICTION AKMAL Melaka AKMAL Melaka PINJAMAN 08.05.2017 00531   297.2 NAI 201701998 08.05.2017 08.05.2017 Book
Pusat Sumber Maklumat Dato' Haji Sarmin Md Hussin, Akademi Kastam Diraja Malaysia, Melaka
Tel: 06-2331106 | Faks: 06-2313787